Politické strany ako organizácie prípady zo Slovenska
Salvato in:
| Altri autori: | |
|---|---|
| Natura: | Libro |
| Lingua: | slovacco |
| Pubblicazione: |
Bratislava
Univerzita Komenského
2004
|
| Soggetti: | |
| Tags: |
Nessun Tag, puoi essere il primo ad aggiungerne!!
|
MARC
| LEADER | 00000nam a2200000 4500 | ||
|---|---|---|---|
| 001 | 0212712 | ||
| 005 | 20240318115242.1 | ||
| 020 | |a 80-223-1985-6 | ||
| 041 | 0 | |a slo | |
| 044 | |a SK | ||
| 245 | 1 | 0 | |a Politické strany ako organizácie |b prípady zo Slovenska |c editor: Marek Rybář |
| 264 | 1 | |a Bratislava |b Univerzita Komenského |c 2004 | |
| 300 | |a 126 s. | ||
| 610 | 2 | 0 | |a strany politické |
| 610 | 2 | 0 | |a štruktúra organizačná |
| 610 | 2 | 0 | |a inštitucionalizmus |
| 610 | 2 | 0 | |a voľby |
| 610 | 2 | 0 | |a parlamenty |
| 610 | 2 | 0 | |a moc politická |
| 610 | 2 | 0 | |a politika |
| 610 | 2 | 0 | |a história |
| 610 | 2 | 0 | |a vývoj |
| 610 | 2 | 0 | |a Slovensko |
| 700 | 1 | |a Rybář, Marek | |